书目信息 |
| 题名: |
化学中的数学方法
|
|
| 作者: | 登斯 著 ;王知群 译 | |
| 分册: | ||
| 出版信息: | 北京 科学出版社 1983 |
|
| 页数: | 137页 | |
| 开本: | 19cm | |
| 丛书名: | ||
| 单 册: | ||
| 中图分类: | O6-051 | |
| 科图分类: | ||
| 主题词: | 数学方法-化学 , 化学-数学方法 | |
| 电子资源: | ||
| ISBN: | ||
| 000 | 00731nam0 2200253 45 | |
| 001 | 0183012132 | |
| 005 | 20060329102425.31 | |
| 010 | @dCNY1.10 | |
| 091 | @a13031.2192 | |
| 100 | @a19950421d1983 emky0chiy0121 ea | |
| 101 | 1 | @achi@ceng |
| 102 | @aCN@b110000 | |
| 105 | @ay z 000yy | |
| 200 | 10 | @a化学中的数学方法@Ahua xue zhong de shuo xue fang fa@e提示和题解@f(美)J·B·登斯著@F(mei)J·B·deng si zhu@g王知群译 |
| 210 | @a北京@c科学出版社@d1983 | |
| 215 | @a137页@d19cm | |
| 606 | @a数学方法-化学 | |
| 606 | @a化学-数学方法 | |
| 690 | @aO6-051@v4 | |
| 701 | 0 | @a登斯@Adeng si@4著 |
| 702 | 0 | @a王知群@Awang zhi qun@4译 |
| 801 | 0 | @aCN@b上海图书馆@c20060329 |
| 801 | 2 | @aCN@bNLC@c20060329 |
| 905 | @dO6-051@e114(+) | |
| 化学中的数学方法:提示和题解/(美)J·B·登斯著/王知群译.-北京:科学出版社,1983 |
| 137页;19cm |
| ISBN :CNY1.10 |
| ● |
| 相关链接 |
|
|
|
|
正题名:化学中的数学方法
索取号:O6-051/114(+)
 
预约/预借
| 序号 | 登录号 | 条形码 | 馆藏地/架位号 | 状态 | 备注 |
| 1 | 0147850 | 202237793 | 密集书库/ [索取号:O6-051/114(+)] | 在馆 |